Statistiques concernant Quiz histoire de France

Cliquez ici pour prendre le quiz!

Statistiques générales

  • Ce quiz a été pris 60 fois
  • Le résultat moyen est 4 sur 15

Statistiques - réponses

QuestionsRéponses% Correct
Cette femme aurait battu les anglais à OrléansJeanne d'Arc
85%
Ce maire du palais a battu les Sarrasins à Poitiers en 732Charles Martel
48%
Ce duc aurait envahi l'AngleterreGuillaume le conquérant
43%
Ce roi a tué Alaric II en 507 à VouilléClovis
39%
Sa femme était Catherine de MédicisHenri II
39%
Ce roi était surnommé le fou Charles VI
33%
Ce roi aurait ordonné l'invasion de l'AlgérieCharles X
30%
Ce roi a regné pendant 20 minutesLouis XIX
24%
Ce roi a défait les anglais et les allemands à BouvinesPhilippe Auguste
13%
Ce maréchal a un centre commercial à son nom au HavreVauban
11%
Ce roi a été destitué au Xeme siècle Charles III
9%
Ce roi assista à la montée en puissance de la NormandieHenri I
9%
Ce roi n'avait plus de palais Louis XIV
9%
Ce prince aurait été roi de ce même paysLouis VIII
4%
Cet homme se serait battu contre la peine de mortRobespierre
4%

Distribution des résultats

Percentile par nombre de réponses

% des personnes avec chaque résultat

Votre développement - résultats

Vous n’avez pas pris ce quiz